000 00520nam a2200193 a 4500
001 1769488318827
003 YourLibrary
005 20260128114523.0
008 260127s2005##################000#0#eng##
020 _a9780521608442
082 0 4 _a302.3
_bGUI
100 1 _aGuimond, Serge,
_eauthor.
245 1 0 _aSocial Comparison and Social Psychology :
260 _bCambridge University Press,
_c2005.
300 _a370 pages
650 0 _aPsychology.
942 _cENGLISH
040 _aYourLibrary
_beng
_cYourLibrary
999 _c609356
_d609356